| 000 | 00515nam a2200181Ia 4500 | ||
|---|---|---|---|
| 003 | GCL | ||
| 008 | 140319s9999 xx 000 0 eng d | ||
| 040 |
_aGCL / _cGCL |
||
| 082 | 0 | 4 |
_a150.03 _bL V |
| 100 | 1 | _aPONTALIS, J. B. | |
| 245 | 1 | 0 |
_aVOCABULAIRE DU LA PSYCHANALYSE / _cPONTALIS, J. B. |
| 700 | 1 | _aLAPLANCHE, JEAN | |
| 260 |
_a[S.N] : _bBIBLIOTHEQUE D'EDUCATION ET DE RECREATIO ، _c1992 |
||
| 300 | _a523 P | ||
| 650 | 0 | 4 | _aDEVELOPMENT PSYCHOLOGY |
| 650 | 0 | 4 | _aPSYCHOLOGY - ENCYCLOPEDIA |
| 942 |
_2ddc _cBK |
||
| 999 |
_c15241 _d15241 |
||